| 000 | 00866nam a2200253 a 4500 | ||
|---|---|---|---|
| 005 | 20240215063821.0 | ||
| 008 | 991125s1973 mx 000 0 spa u | ||
| 035 | _aUPN01000013104 | ||
| 049 | _aCG | ||
| 050 | 4 |
_aHD31 _bK6.38 1973 |
|
| 100 | 1 |
_aKoontz, Harold, _d1908-1984 _928838 |
|
| 245 | 1 | 0 |
_aCurso de administración moderna : _bun análisis de las funciones de la administración / _cHarold Koontz, Cyril O'Donnell ; tr. Giovani Ciardelli Fadul. |
| 250 | _a5a ed. | ||
| 260 |
_aMéxico : _bMcGraw-Hill, _c1973. |
||
| 300 | _a783 p. | ||
| 440 | 0 | _aLibros McGraw-Hill | |
| 500 | _aBibliografía báscia (BGTQ) | ||
| 500 | _aFotocopia | ||
| 590 | _a(También localizas un ejemplar en el "Area de Reserva") | ||
| 590 | _aBibliografía Básica (BGTQ) | ||
| 650 | 4 |
_aAdministración _928 |
|
| 700 | 1 |
_aO'Donnell, Cyrill, _d1900- , _ecoaut. |
|
| 905 | _aLibro | ||
| 999 |
_c13104 _d13104 |
||